Wird geladen...
Muslim saamoohya jeevitham malayala novelil
| 1. Verfasser: | |
|---|---|
| Format: | Printed Book |
| Veröffentlicht: |
Trissur, Kerala Sahithya Akademi
1998
|
| LEADER | 004400000a22001330004500 | ||
|---|---|---|---|
| 040 | |a MAL | ||
| 082 | |a A3 009 N8 | ||
| 100 | |a Jamal Kochangaadi | ||
| 245 | |a Muslim saamoohya jeevitham malayala novelil | ||
| 260 | |a Trissur, Kerala Sahithya Akademi | ||
| 260 | |c 1998 | ||
| 465 | |a R 42 | ||
| 999 | |c 25462 |d 25462 | ||
| 952 | |0 0 |1 0 |4 0 |6 A_3_009000000000000_N8 |7 0 |8 MAL |9 25292 |a MGUL |b MGUL |d 2013-07-16 |e R 42 |l 1 |o A3 009 N8 |p 28500 |r 2014-12-31 |s 2014-10-18 |w 2013-07-16 |y BK | ||